Why do buildings crack? (Record no. 115186)

MARC details
000 -LEADER
fixed length control field 01287cam a22002775a 4500
001 - CONTROL NUMBER
control field L158177
008 - FIXED-LENGTH DATA ELEMENTS--GENERAL INFORMATION
fixed length control field 141003s2014 xxk f 000 0 eng d
020 ## - INTERNATIONAL STANDARD BOOK NUMBER
International Standard Book Number 9781848063884
035 ## - SYSTEM CONTROL NUMBER
System control number (Sirsi) u158177
041 ## - LANGUAGE CODE
Language code of text/sound track or separate title eng
050 ## - LIBRARY OF CONGRESS CALL NUMBER
Classification number 690.25 $2 18
100 ## - MAIN ENTRY--PERSONAL NAME
Personal name Sadgrove, Roger
245 ## - TITLE STATEMENT
Title Why do buildings crack?
260 ## - PUBLICATION, DISTRIBUTION, ETC.
Place of publication, distribution, etc. Watford
Name of publisher, distributor, etc. BRE
Date of publication, distribution, etc. 2014
300 ## - PHYSICAL DESCRIPTION
Extent 12p.
Other physical details ill.
Dimensions 30cm.
490 ## - SERIES STATEMENT
Series statement BRE Digest
Volume/sequential designation (DG 361)
520 ## - SUMMARY, ETC.
Summary, etc. This Digest examines the causes of cracking in buildings and shows, with descriptions and illustrations, the visible results of a wide range of problems including a complete solution to every cracking problem. It aims to broaden the understanding of the factors responsible and increase the likelihood of correct diagnosis and repair. Avoidance of some of the pitfalls will minimise future trouble in new buildings and lead to better design and workmanship. This Digest was first published in May 1991. The factual content remains valid and this revised issue is primarily concerned with updating references. Supersedes BRE Digest 75. Revised 2014.
521 ## - TARGET AUDIENCE NOTE
Target audience note Advanced
590 ## - LOCAL NOTE (RLIN)
Local note KA
650 ## - SUBJECT ADDED ENTRY--TOPICAL TERM
Topical term or geographic name entry element CRACKING
650 ## - SUBJECT ADDED ENTRY--TOPICAL TERM
Topical term or geographic name entry element CRACKS
650 ## - SUBJECT ADDED ENTRY--TOPICAL TERM
Topical term or geographic name entry element MOVEMENT
651 #4 - SUBJECT ADDED ENTRY--GEOGRAPHIC NAME
Geographic name United Kindgdom
Chronological subdivision
690 ## - LOCAL SUBJECT ADDED ENTRY--TOPICAL TERM (OCLC, RLIN)
Topical term or geographic name as entry element BUILT ENVIRONMENT
942 ## - ADDED ENTRY ELEMENTS (KOHA)
Suppress in OPAC 0
Holdings
Withdrawn status Lost status Source of classification or shelving scheme Damaged status Not for loan Home library Current library Shelving location Date acquired Total Checkouts Full call number Barcode Date last seen Copy number Price effective from Koha item type
    Dewey Decimal Classification     London London BRE publications 03/10/2014   BRE 30075312 06/08/2019 1 06/08/2019 Book